| 000 | 01144nam0a22003011 4500 | ||
|---|---|---|---|
| 001 | RU\INFOCOMM_327\NLR\5000012081 | ||
| 005 | 20250613104922.0 | ||
| 035 | _a(NLR Aleph) 009515644 | ||
| 090 |
_a8794512 _c8794512 |
||
| 100 | _a20121212d1991 |||y0rusy50 ca | ||
| 101 | 1 | _aeng | |
| 102 | _aRU | ||
| 105 | _ay z ||||| | ||
| 200 | 1 |
_aThe subjects of early Russian icons _fA. Kostsova _g[Пер. Пол Роберт Уилльямс] |
|
| 210 |
_aSt. Petersburg _cIskusstvo _d1991 |
||
| 215 |
_a223 с. _cцв. ил. _d11 см |
||
| 300 | _aВ вып. дан.: Сюжеты древнерусских икон / Александра Семеновна Косцова | ||
| 300 | _aНа пер. авт. не указан | ||
| 606 | 0 |
_aИконопись, древнерусская _jАльбомы _2nlr_sh1 |
|
| 620 | _aСанкт-Петербург | ||
| 686 |
_aЩ143(2Р=Рус)3-465.6я61 _2rubbk |
||
| 700 | 1 |
_9z01790 _aKoscova _bA. S. _gAleksandra Semenovna |
|
| 790 | 1 |
_9z01700 _aKostsova _bA. _4070 |
|
| 801 | 1 |
_aRU _bNLR _c20121212 |
|
| 801 | 0 |
_aRU _bINFOCOMM _gPSBO |
|
| 852 |
_aNLR _jЭ АлИс134/I-Л452 |
||
| 942 | _cBOOK | ||
| 980 | _aNB | ||